Písmo a kaligrafia

Salvato in:
Dettagli Bibliografici
Altri autori: Vaňo, Dušan (Redattore)
Natura: Libro
Lingua:slovacco
Pubblicazione: Topoľčany LITO 2005
Soggetti:
Accesso online:Visualizza in OPAC
Tags: Aggiungi Tag
Nessun Tag, puoi essere il primo ad aggiungerne!!

MARC

LEADER 00000nam a2200000 a 4500
005 20260127134242.0
008 151112s2005 xo oa f p 000 0 slo
015 |a SNBA2006/03-01638 
020 |a 8096893998 (brož.) 
035 |a vtls008426626 
035 |a 68735F95-B5F5-4ED8-8F61-9A2BFDCA5C06 
035 |a urn:nbn:sk:snk-amjupa 
035 |a urn:nbn:sk:snk-am005dzd 
039 9 |a 201707211432  |b csnk09  |c 201511121622  |d VLOAD  |c 201507071515  |d VLOAD  |c 201507071515  |d VLOAD  |y 200601270953  |z msvkpo04 
040 |a SVKPO  |b slo  |c SVKPO  |d STUSCHK1  |d SNK  |e AACR2 
041 0 |a slo 
044 |a xo  |c SK 
072 7 |a 003  |x Systémy písania a písma  |2 konspekt 
072 7 |a 37.016  |x Učebné osnovy. Vyučovacie predmety. Učebnice  |2 konspekt 
080 |a 003.077  |2 2001 
080 |a 72/76.02  |2 2001 
080 |a (075.3)  |2 2001 
080 |a 003  |2 2001 
100 1 |a Vaňo, Dušan  |4 edt 
245 1 0 |a Písmo a kaligrafia  |c Dušan Vaňo 
260 |a Topoľčany  |b LITO  |c 2005 
300 |a 151 s.  |b il., fotogr., faksim.  |c 30 cm 
500 |a Obsahuje terminologický slovník 
504 |a Bibliografia s. 150 
506 |a 600 výt. 
530 |a Vydané aj v elektronickej forme 
650 0 7 |a písmo  |2 SNKPH 
650 0 7 |a kaligrafia  |2 SNKPH 
650 0 7 |a výtvarné techniky  |2 SNKPH 
655 7 |a učebnice stredných škôl  |2 SNKPH 
776 1 |t Písmo a kaligrafia  |w vtls011585617 
919 |a 80-968939-9-8 
999 |c 7882  |d 7882